• 首页
  • 本馆介绍
  • 公告通知
  • 最新文献
  • 馆藏检索
  • 电子资源
  • 读者导购
  • 参考咨询
  • 我的图书馆
  • 登录
  • 详细信息显示
  • 放入我的书架
  • 预约/预借图书
  • 作者相关作品
  • 分类相关作品
  • 丛书相关作品
  • 出版社相关作品

书目信息

  • 表格格式
  • 工作单格式
  • 卡片格式
题名:
化学文献检索与利用
    
 
作者: 张静贞 著
分册:  
出版信息: 上海   华东师范大学出版社  1988.7
页数: 355页
开本: 20cm
丛书名:
单 册:
中图分类: G354.2 , O6
科图分类:
主题词: 化学-情报检索-检索方法 , 情报检索-化学-检索方法 , 检索方法-情报检索-化学
电子资源:
ISBN: 7-5617-0121-7
000 00972nam0 2200289 45
001 0189019440
005 20040429103636.5
010    @a7-5617-0121-7@dCNY2.90
020    @aCN@b89019440
100    @a19910513d1988 m y0chiy0120 ea
101 0  @achi
102    @aCN@b310000
105    @ay z 000yy
106    @ar
200 10 @a化学文献检索与利用@Ahua xue wen xian jian suo yu li yong@f张静贞等著@Fzhang jing zhen deng zhu
210    @a上海@c华东师范大学出版社@d1988.7
215    @a355页@d20cm
330    @a本书介绍了科技文献检索的基础知识和化学专业主要的文献情报源,重点介绍了美国化学文摘、世界专利索引等化学化工文献检索刊物和工具书等。
540 1  @a化学 文献检索@Ahua xue wen xian jian suo
606    @a化学-情报检索-检索方法
606    @a情报检索-化学-检索方法
606    @a检索方法-情报检索-化学
690    @aG354.2@v3
690    @aO6@v3
701  0 @a张静贞@Azhang jing zhen@4著
801  0 @aCN@bNLC@c19910513
905    @f2@b219838-839@dG354.2@e64
    
    化学文献检索与利用/张静贞等著.-上海:华东师范大学出版社,1988.7
    355页;20cm
    
    
    ISBN 7-5617-0121-7:CNY2.90
    本书介绍了科技文献检索的基础知识和化学专业主要的文献情报源,重点介绍了美国化学文摘、世界专利索引等化学化工文献检索刊物和工具书等。
●
相关链接 在E读中查询图书 在五车中查询图书 在当当中查询图书 在豆瓣中查询图书


正题名:化学文献检索与利用     索取号:G354.2/64         预约/预借

序号 登录号 条形码 馆藏地/架位号 状态 备注
1 0219838   000309516   密集书库/ [索取号:G354.2/64] 在馆    
2 0219839   000309525   密集书库/ [索取号:G354.2/64] 在馆    
3 0219840   202434320   第一样本阅览室/ [索取号:G354.2/64] 在馆    
唐山师范学院图书馆 欢迎您!
大连网信软件有限公司© 版权所有